000 00389nam a22001337a 4500
020 _a9780199660650
082 _a346.001
_bWEI
100 _aWeinrib, Ernest J.
245 _aCorrective Justice /
_cErnest J. Weinrib
260 _aUnited Kingdom :
_bOxford University Press,
_c2016.
300 _a352p. ;
_c24 cm.
942 _2ddc
_cBK
999 _c588455
_d588455